000
00243 a2200097 4500
001
12922
100
_a
Brandwood,David
245
_a
Fourier Transforms in radar and signal processing
260
_a
NY
_b
Artech House
_c
2003
090
_c
9905
_d
9905
942
_a
NUST-CAE
_c
M
_c
36828
999
_c
247995
_d
247995